Pokemon Types in Alphabetical Order - Statistics

General Stats
  • This quiz has been taken 2,475 times
  • The average score is 13 of 18
Answer Stats
Answer % Correct
Bug
98%
Dark
93%
Dragon
88%
Electric
83%
Fairy
80%
Fire
78%
Fighting
77%
Flying
75%
Ghost
71%
Grass
71%
Ground
70%
Ice
68%
Normal
66%
Water
65%
Poison
64%
Psychic
64%
Steel
64%
Rock
63%
No matching quizzes found
Score Distribution
Percent of People with Each Score
Percentile by Number Answered
Your Score History
You have not taken this quiz